[Event "Korchnoi Birthday-A"]
[Site "Zurich"]
[Date "2001.04.28"]
[Round "1"]
[White "Piket, Je"]
[Black "Forster, R."]
[Result "1-0"]
[WhiteElo "2628"]
[BlackElo "2462"]
[PlyCount "97"]
[EventDate "2001.04.28"]

1. d4 Nf6 2. Nf3 g6 3. Nc3 d5 4. Bf4 Bg7 5. e3 O-O 6. Be2 c5 7. Ne5 Nc6 8. O-O
Qa5 9. a3 Bf5 10. g4 Be6 11. b4 cxb4 12. axb4 Qxb4 13. Nb5 Nxe5 14. c3 Nf3+ 15.
Kh1 Qb2 16. Rb1 Qxb1 17. Qxb1 Nd2 18. Qb2 Nxf1 19. Nc7 Rac8 20. g5 Ne4 21. Bxf1
Nd6 22. Nxe6 fxe6 23. Bh3 Nf5 24. Qxb7 Kf7 25. Bxf5 gxf5 26. Bd6 Rfe8 27. Qxa7
Rxc3 28. h4 Bf8 29. Kg2 Kg6 30. Bf4 Rec8 31. Qa6 R8c6 32. Qe2 h5 33. Qb5 Rc2
34. Qb7 Rc8 35. Qd7 R2c6 36. Be5 Kf7 37. Bd6 Rxd6 38. Qxc8 Bg7 39. f4 Rb6 40.
Kf3 Rd6 41. Ke2 Rb6 42. Kd2 Rd6 43. Kc2 Rb6 44. Kc3 Rb1 45. g6+ Kxg6 46. Qxe6+
Bf6 47. Qg8+ Kh6 48. Qxd5 Kg6 49. e4 1-0

[Event "Korchnoi Birthday-A"]
[Site "Zurich"]
[Date "2001.04.28"]
[Round "1"]
[White "Short, N."]
[Black "Kasparov, G."]
[Result "1/2-1/2"]
[WhiteElo "2676"]
[BlackElo "2827"]
[PlyCount "81"]
[EventDate "2001.04.28"]

1. e4 c5 2. Nc3 d6 3. g3 Nc6 4. Bg2 g6 5. d3 Bg7 6. f4 Nf6 7. Nf3 O-O 8. O-O
Rb8 9. h3 b5 10. a3 a5 11. Be3 Nd7 12. Rb1 b4 13. axb4 axb4 14. Ne2 Bb7 15. g4
Ra8 16. c4 e6 17. g5 Re8 18. h4 d5 19. e5 Ne7 20. Ng3 Qc7 21. Bf2 Nf5 22. Rc1
Nxg3 23. Bxg3 Red8 24. Qe2 Ra2 25. Bf2 Bf8 26. Nh2 dxc4 27. dxc4 Bxg2 28. Kxg2
h5 29. gxh6 Bxh6 30. Be3 Qb7+ 31. Kg3 f5 32. Rcd1 Re8 33. Rf2 Re7 34. Nf3 Qe4
35. Qd3 Qb7 36. b3 Ra3 37. Rfd2 Ra7 38. Qc2 Qa8 39. Rd6 Ra2 40. Qd3 Ra7 41. Rd2
1/2-1/2

[Event "Korchnoi Birthday-A"]
[Site "Zurich"]
[Date "2001.04.28"]
[Round "2"]
[White "Pelletier, Y."]
[Black "Forster, R."]
[Result "1-0"]
[WhiteElo "2531"]
[BlackElo "2462"]
[PlyCount "63"]
[EventDate "2001.04.28"]

1. Nf3 Nf6 2. c4 g6 3. Nc3 Bg7 4. d4 O-O 5. e4 d6 6. Be2 c5 7. O-O cxd4 8. Nxd4
b6 9. Be3 Bb7 10. f3 Nbd7 11. Qd2 Re8 12. Rfd1 Rc8 13. Rac1 a6 14. Bf1 Qc7 15.
b3 e6 16. Nde2 Bf8 17. Kh1 Qb8 18. Nf4 Bc6 19. a4 Ne5 20. Qf2 Nfd7 21. Nfe2 b5
22. cxb5 axb5 23. Nd4 bxa4 24. bxa4 Bb7 25. Qa2 d5 26. exd5 exd5 27. Nxd5 Nc5
28. Nf6+ Kg7 29. Nxe8+ Rxe8 30. Bg1 Qa8 31. Nf5+ gxf5 32. Bxc5 1-0

[Event "Korchnoi Birthday-A"]
[Site "Zurich"]
[Date "2001.04.28"]
[Round "3"]
[White "Piket, Je"]
[Black "Unzicker, W."]
[Result "1-0"]
[WhiteElo "2628"]
[BlackElo "2432"]
[PlyCount "79"]
[EventDate "2001.04.28"]

1. d4 Nf6 2. c4 e6 3. Nf3 d5 4. Nc3 Be7 5. Bg5 h6 6. Bh4 O-O 7. e3 b6 8. Qc2
Bb7 9. Bxf6 Bxf6 10. cxd5 exd5 11. g4 c5 12. O-O-O Nc6 13. h4 cxd4 14. exd4 Qd6
15. Qd2 Be7 16. g5 h5 17. Kb1 Bc8 18. Ka1 Bf5 19. a3 Bg4 20. Be2 Na5 21. Qe3
Rfc8 22. Rhe1 Bf8 23. Ne5 Bxe2 24. Rxe2 Nc4 25. Qf3 Nxe5 26. dxe5 Qg6 27. Nxd5
Rd8 28. Red2 Rdc8 29. Qd3 Qe6 30. Qe4 Rab8 31. f4 Qg4 32. Re2 Rc5 33. e6 Qxe6
34. Qxe6 fxe6 35. Rxe6 Rbc8 36. g6 R5c6 37. f5 Rxe6 38. fxe6 Re8 39. Nc7 Re7
40. Rc1 1-0

[Event "Korchnoi Birthday-A"]
[Site "Zurich"]
[Date "2001.04.28"]
[Round "4"]
[White "Short, N."]
[Black "Piket, Je"]
[Result "0-1"]
[WhiteElo "2676"]
[BlackElo "2628"]
[PlyCount "62"]
[EventDate "2001.04.28"]

1. e4 e5 2. Nf3 Nc6 3. Bc4 Bc5 4. b4 Bxb4 5. c3 Ba5 6. d4 exd4 7. Qb3 Qf6 8.
O-O Bb6 9. e5 Qg6 10. cxd4 Na5 11. Qa4 Nxc4 12. Qxc4 Ne7 13. Ba3 Qe6 14. d5
Qxd5 15. Qe2 Ng6 16. Nc3 Nf4 17. Qb2 Qd3 18. Rae1 Qg6 19. Nh4 Qg4 20. g3 Nd3
21. Qc2 Nxe1 22. Rxe1 Kd8 23. Nd5 Re8 24. Re4 Qe6 25. Nf4 Qc6 26. Rc4 Qb5 27.
Nf3 d5 28. exd6 Bf5 29. dxc7+ Kc8 30. Qc1 Qb1 31. Ng5 Re1+ 0-1

[Event "Korchnoi Birthday-A"]
[Site "Zurich"]
[Date "2001.04.28"]
[Round "5"]
[White "Piket, Je"]
[Black "Pelletier, Y."]
[Result "1-0"]
[WhiteElo "2628"]
[BlackElo "2531"]
[PlyCount "51"]
[EventDate "2001.04.28"]

1. d4 d5 2. c4 c6 3. Nc3 Nf6 4. e3 e6 5. Nf3 Nbd7 6. Bd3 dxc4 7. Bxc4 b5 8. Bd3
Bb7 9. e4 b4 10. Na4 c5 11. e5 Nd5 12. O-O cxd4 13. Nxd4 Nxe5 14. Bb5+ Nd7 15.
Qh5 g6 16. Qe2 a6 17. Nxe6 fxe6 18. Qxe6+ Ne7 19. Nc5 axb5 20. Nxb7 Qb6 21.
Nd6+ Kd8 22. Be3 Qa6 23. Rad1 Rg8 24. Rfe1 g5 25. Qf7 Rg6 26. Ne4 1-0

[Event "Korchnoi Birthday-A"]
[Site "Zurich"]
[Date "2001.04.28"]
[Round "5"]
[White "Forster, R."]
[Black "Short, N."]
[Result "0-1"]
[WhiteElo "2462"]
[BlackElo "2676"]
[PlyCount "71"]
[EventDate "2001.04.28"]

1. c4 b6 2. b3 Bb7 3. Bb2 c5 4. e3 e6 5. f4 Nf6 6. Nf3 d5 7. cxd5 exd5 8. Bb5+
Nc6 9. Ne5 Rc8 10. g4 Nd7 11. O-O Ndxe5 12. Bxe5 a6 13. Bxc6+ Rxc6 14. f5 h5
15. Nc3 hxg4 16. Qxg4 Rch6 17. d4 R8h7 18. Rf2 Bd6 19. Re1 Bxe5 20. dxe5 Rh4
21. Qg3 d4 22. exd4 cxd4 23. f6 Rh3 24. Qg5 dxc3 25. e6 g6 26. exf7+ Kxf7 27.
Qe5 Bf3 28. Qe7+ Qxe7 29. Rxe7+ Kf8 30. Rxh7 Rxh7 31. Rxf3 Rc7 32. Rf1 c2 33.
Rc1 Kf7 34. Kf2 Kxf6 35. Ke3 Kg5 36. Kd2 0-1

[Event "Korchnoi Birthday-B"]
[Site "Zurich"]
[Date "2001.04.28"]
[Round "2"]
[White "Svidler, P."]
[Black "Hug, W."]
[Result "1/2-1/2"]
[WhiteElo "2695"]
[BlackElo "2470"]
[PlyCount "47"]
[EventDate "2001.04.28"]

1. e4 e6 2. d4 d5 3. Nc3 Bb4 4. e5 c5 5. a3 Ba5 6. Qg4 Ne7 7. dxc5 Bxc3+ 8.
bxc3 Nd7 9. Nf3 Ng6 10. Bd3 Nxc5 11. Be3 Qc7 12. O-O O-O 13. Bd4 b6 14. Rfe1 f5
15. Qh5 Nf4 16. Qh4 Ncxd3 17. cxd3 Nxd3 18. Re3 Nc5 19. Ng5 h6 20. Nh3 Qd8 21.
Qh5 Qe8 22. Qh4 Qd8 23. Qh5 Qe8 24. Qh4 1/2-1/2

[Event "Korchnoi Birthday-B"]
[Site "Zurich"]
[Date "2001.04.28"]
[Round "3"]
[White "Kramnik, V."]
[Black "Svidler, P."]
[Result "1/2-1/2"]
[WhiteElo "2802"]
[BlackElo "2695"]
[PlyCount "53"]
[EventDate "2001.04.28"]

1. d4 Nf6 2. c4 g6 3. Nc3 d5 4. cxd5 Nxd5 5. e4 Nxc3 6. bxc3 Bg7 7. Nf3 c5 8.
Rb1 O-O 9. Be2 cxd4 10. cxd4 Qa5+ 11. Bd2 Qxa2 12. O-O Bg4 13. Bg5 h6 14. Be3
Nc6 15. d5 Bxf3 16. Bxf3 Ne5 17. Rxb7 a5 18. Rxe7 a4 19. Bd4 Nxf3+ 20. gxf3
Bxd4 21. Qxd4 a3 22. d6 Qe2 23. Kg2 a2 24. Ra1 Qf1+ 25. Kg3 Qg1+ 26. Kh3 Qf1+
27. Kg3 1/2-1/2

[Event "Korchnoi Birthday-B"]
[Site "Zurich"]
[Date "2001.04.28"]
[Round "3"]
[White "Spassky, B."]
[Black "Korchnoi, V."]
[Result "1/2-1/2"]
[WhiteElo "2551"]
[BlackElo "2643"]
[PlyCount "53"]
[EventDate "2001.04.28"]

1. e4 e6 2. d4 d5 3. exd5 exd5 4. Nf3 Nf6 5. c4 Bb4+ 6. Nc3 O-O 7. Be2 dxc4 8.
Bxc4 Re8+ 9. Be3 Be6 10. Bxe6 Rxe6 11. O-O Nbd7 12. Qb3 a5 13. d5 Re8 14. Rfd1
Bd6 15. Nb5 Nc5 16. Qc2 b6 17. Rac1 Qd7 18. Nxd6 cxd6 19. a3 a4 20. h3 Rac8 21.
Qe2 Qf5 22. Nd4 Qg6 23. Qf3 Nfd7 24. Qf5 Ne5 25. Qxg6 hxg6 26. Nb5 Rcd8 27. Rc2
1/2-1/2

[Event "Korchnoi Birthday-B"]
[Site "Zurich"]
[Date "2001.04.28"]
[Round "3"]
[White "Hug, W."]
[Black "Jenni, F."]
[Result "1-0"]
[WhiteElo "2470"]
[BlackElo "2471"]
[PlyCount "97"]
[EventDate "2001.04.28"]

1. Nf3 Nf6 2. g3 g6 3. b3 Bg7 4. Bb2 d6 5. d4 O-O 6. Bg2 c5 7. O-O Nbd7 8. c4
a6 9. Nc3 Rb8 10. a4 cxd4 11. Nxd4 Nc5 12. b4 Ne6 13. Nd5 Nxd5 14. cxd5 Nxd4
15. Bxd4 Bxd4 16. Qxd4 Bd7 17. Rfc1 Rc8 18. a5 Bb5 19. Bf3 Qd7 20. h4 h5 21.
Qe3 Kg7 22. Rc3 e5 23. dxe6 Qxe6 24. Qd2 Rxc3 25. Qxc3+ Qe5 26. Rc1 Re8 27. Kf1
Re7 28. Ke1 Kh7 29. Qxe5 dxe5 30. Bd5 f5 31. Rc5 Kg7 32. Kd2 Rd7 33. Ke3 f4+
34. gxf4 exf4+ 35. Kxf4 Bxe2 36. Ke5 Bb5 37. Rc8 Re7+ 38. Kd6 Re2 39. Rc7+ Kh6
40. f4 Rd2 41. Kc5 Rc2+ 42. Kb6 Rxc7 43. Kxc7 Kg7 44. Kxb7 Kf6 45. Be4 Bc4 46.
Kb6 Be2 47. Kc5 Bb5 48. Kd4 Bf1 49. Bd3 1-0

[Event "Korchnoi Birthday-B"]
[Site "Zurich"]
[Date "2001.04.28"]
[Round "4"]
[White "Korchnoi, V."]
[Black "Svidler, P."]
[Result "0-1"]
[WhiteElo "2643"]
[BlackElo "2695"]
[PlyCount "54"]
[EventDate "2001.04.28"]

1. c4 Nf6 2. Nc3 e5 3. Nf3 Nc6 4. g3 Nd4 5. Nh4 d5 6. e3 Nc6 7. cxd5 Nxd5 8. d3
Be7 9. Nf3 O-O 10. Bg2 Ndb4 11. Ke2 Be6 12. Ne1 Qd7 13. a3 Nd5 14. Qc2 Rad8 15.
Bd2 Kh8 16. Nxd5 Bxd5 17. Bxd5 Qxd5 18. Nf3 f5 19. Qc4 Qd7 20. Rhd1 b5 21. Qc2
f4 22. Rac1 fxg3 23. fxg3 e4 24. dxe4 Qg4 25. Rf1 Rxf3 26. Rxf3 Ne5 27. Rcf1
Nxf3 0-1

[Event "Korchnoi Birthday-B"]
[Site "Zurich"]
[Date "2001.04.28"]
[Round "4"]
[White "Spassky, B."]
[Black "Hug, W."]
[Result "1/2-1/2"]
[WhiteElo "2551"]
[BlackElo "2470"]
[PlyCount "39"]
[EventDate "2001.04.28"]

1. e4 e6 2. d4 d5 3. exd5 exd5 4. Bd3 Nc6 5. c3 Bd6 6. Ne2 Nge7 7. Bf4 O-O 8.
O-O Bg4 9. Qd2 Bxe2 10. Bxe2 Qd7 11. Bxd6 Qxd6 12. Na3 Ng6 13. Rfe1 Rfe8 14.
Bf1 Kf8 15. Nc2 Rxe1 16. Rxe1 Re8 17. Rxe8+ Kxe8 18. g3 Nce7 19. Bg2 c6 20. Ne1
1/2-1/2

[Event "Korchnoi Birthday-B"]
[Site "Zurich"]
[Date "2001.04.28"]
[Round "5"]
[White "Kramnik, V."]
[Black "Spassky, B."]
[Result "1/2-1/2"]
[WhiteElo "2802"]
[BlackElo "2551"]
[PlyCount "25"]
[EventDate "2001.04.28"]

1. d4 d5 2. c4 e6 3. Nf3 Nf6 4. Nc3 Be7 5. Bg5 O-O 6. e3 h6 7. Bh4 b6 8. Bd3
Bb7 9. O-O Nbd7 10. cxd5 Nxd5 11. Nxd5 Bxd5 12. Bxe7 Qxe7 13. Qe2 1/2-1/2